00000000nam##2200000za#4500
0019.576646
003CaOODSP
00520210624185233
007cr |||||||||||
008150406|1987||||xxc|||||o    f|0| 0 eng|d
040 |aCaOODSP|beng
043 |an-cn---
0861 |aFs97-13/629E-PDF
1101 |aCanada. |bDepartment of Fisheries and Oceans.
24510|aLight attenuation in the Experimental Lakes Area – 1983, 1984, 1985 data / |h[electronic resource]|cby J.A. Shearer and E.R. DeBruyn.
260 |aWinnipeg - Manitoba : |bFisheries and Oceans Canada |c1987.
300 |a154p.|breferences, tables
4901 |aCanadian data report of fisheries and aquatic sciences|vNo. 629
500 |aOn t.p.: Central and Arctic Region, Winnipeg, Manitoba. Catalogue number of the print edition appears in the PDF version.
546 |a(Résumé en français)
590 |a13-18-Supp|b2013-08-01
7201 |aShearer, J. A.
7201 |aDeBruyn, E. R.
830#0|aCanadian data report of fisheries and aquatic sciences ;|vNo. 629|w(CaOODSP)9.505124
85640|ahttp://publications.gc.ca|qPDF|s3024 KB|uhttps://publications.gc.ca/collections/collection_2013/mpo-dfo/Fs97-13-629-eng.pdf|yNo. 629